[Event "NED-ch60"]
[Site "Leeuwarden"]
[Date "2005.09.07"]
[Round "2"]
[White "Van Wely, Loek"]
[Black "Smeets, Jan"]
[Result "1-0"]
[WhiteElo "2655"]
[BlackElo "2537"]
[Annotator "Lutz,C"]
[PlyCount "65"]
[EventDate "2005.09.06"]
[EventType "tourn"]
[EventRounds "9"]
[EventCountry "NED"]
[EventCategory "13"]
[SourceTitle "CBM 110"]
[Source "ChessBase"]
[SourceDate "2006.01.31"]
[SourceVersion "1"]
[SourceVersionDate "2006.01.31"]
[SourceQuality "1"]

1. d4 d5 2. c4 c6 3. Nc3 Nf6 4. Nf3 e6 5. Bg5 dxc4 6. e4 b5 7. e5 h6 8. Bh4 g5
9. Nxg5 hxg5 10. Bxg5 Nbd7 11. exf6 Bb7 12. g3 c5 13. d5 Qb6 14. Bg2 O-O-O 15.
O-O b4 16. Rb1 Qa6 17. dxe6 Bxg2 18. e7 Bxf1 19. Qd5 Bh6 20. Bxh6 Bd3 21. Qa8+
Nb8 22. exd8=Q+ Rxd8 23. Re1 bxc3 24. Bf4 Qb6 25. bxc3 Bf5 26. f3 $1 $146 {
Bis hierhin ist alles bereits bekannt und bislang glaubte man, dass das
Endspiel unentschieden ist. Van Wely hat jedoch eine Neuerung parat. In den
nächsten Zügen werden die Damen getauscht, wonach ein Endspiel entsteht, in
dem Weiß als Ersatz für die Minusfigur drei gefährliche Bauern am Königsflügel
hat. Der Vorteil von 26.f3 gegenüber dem bisherigen Zug 26.h4 besteht darin,
dass Weiß mit g3-g4 ein weiteres Tempo für den Vormarsch seiner Bauern gewinnt.
Ich weiß nicht, ob nach Van Welys Neuerung Weiß sicher auf Gewinn steht,
richtig attraktiv erscheint diese Variante für Schwarz jedoch nicht mehr.} (26.
Bxb8 Qxb8 27. Qc6+ Qc7 28. Qa8+ $11) (26. h4 Qb7 $1 (26... Be6 $2 27. Kh2 Rd7
28. h5 Rb7 29. Bxb8 Rxb8 30. Qe4 Kc7 31. Rd1 Rh8 32. g4 $16 Qb2 33. Qf4+ Kb7
34. Qf3+ Kc7 35. Qf4+ Kc6 36. Qe4+ Kc7 37. Qe5+ Kb6 38. Rd6+ Kb7 39. Qe4+ Kb8
40. Qf4 Kb7 41. Qf3+ Kc7 42. Qf4 Kb7 43. Qf3+ Kc7 44. Rc6+ Kd7 45. Rxc5 Qb6 46.
Re5 Qd6 47. Qb7+ Kd8 48. Qa8+ Bc8 49. Qd5 Qxd5 50. Rxd5+ Ke8 51. Kg3 Rh6 52.
Rd6 Be6 53. f4 Rh8 54. Kh4 Bd7 55. f5 Kd8 56. Ra6 Re8 57. Rxa7 Re4 58. Ra8+ Kc7
59. Kg5 Re3 60. h6 Bc8 61. Ra4 Kd6 62. Rxc4 Bd7 63. a4 {1-0 Yermolinsky,
A-Gurevich,D/USA 1994/CBM 44 (63)}) 27. Qxb7+ Kxb7 28. Re7+ Rd7 29. Bxb8 Kxb8
30. Rxd7 Bxd7 31. Kg2 Kc7 $11 {Shirov hatte dieses Endspiel zum Unentschieden
ausanalysiert.} 32. Kf3 Kd6 33. Kf4 Bc6 34. Kg5 Bf3 35. Kf5 Kd5 36. g4 Kd6 37.
h5 Kd5 38. Kf4 Bd1 39. Kg5 Bf3 40. Kf4 Bd1 41. Kg5 Bf3 42. Kf4 {1/2-1/2
Azmaiparashvili,Z-Shirov,A/Madrid 1996/CBM 53/[Shirov]}) 26... Be6 (26... Qb7
27. Qxb7+ Kxb7 {und nun hat Weiß die Qual der Wahl zwischen zwei guten
Fortsetzungen:} 28. g4 (28. Re7+ Rd7 29. Bxb8 (29. g4 Nc6 30. Rxd7+ Bxd7 31. h4
Nd8 32. h5 Ne6 33. Be3 Ba4 {nebst ...Bc2}) 29... Kxb8 30. g4 Rd1+ (30... Be6
31. Rxd7 Bxd7 32. h4 Ba4 (32... Kc7 33. h5) 33. h5 Bc2 34. g5 Bh7 35. g6 $18)
31. Kf2 Bg6 (31... Be6 32. Rxe6 fxe6 33. f7 Rd8 34. g5 $18) 32. h4 Rd6 33. h5
Rxf6 34. hxg6 fxg6 35. Re5 $16) 28... Bg6 (28... Be6 29. Rb1+ Ka8 30. Bxb8 Rxb8
31. Rxb8+ Kxb8 32. h4 $18) 29. Re7+ Ka6 30. h4 Nc6 31. Rc7 Rd1+ 32. Kf2 Nd8 33.
h5 $18) 27. g4 Bd5 28. Qxb8+ Qxb8 29. Bxb8 Kxb8 30. Kf2 {Dem Vormarsch der
weißen Bauern kann Schwarz nicht viel entgegensetzen.} Kc7 (30... Bc6 31. h4
Rd2+ 32. Re2 Rd3 33. Re3 Rd2+ 34. Kg3 Rxa2 35. h5 Ra1 36. Re6 $1 Bd5 37. Rd6
Bb7 38. Rd7 $18) 31. h4 Rd6 32. Re7+ Rd7 (32... Kd8 33. g5 Ra6 34. h5 Rxa2+ 35.
Re2 Rxe2+ 36. Kxe2 Be6 37. g6 fxg6 38. h6 $18) 33. h5 1-0

[Event "Mitropa Cup 19th"]
[Site "Baden"]
[Date "1999.04.05"]
[Round "5"]
[White "Balogh, Tomas"]
[Black "Jirovsky, Milos"]
[Result "1-0"]
[WhiteElo "2435"]
[BlackElo "2459"]
[Annotator "Lutz,C"]
[PlyCount "49"]
[EventDate "1999.04.01"]
[EventType "team-tourn"]
[EventRounds "9"]
[EventCountry "SUI"]
[SourceTitle "CBM 071"]
[Source "ChessBase"]
[SourceDate "1999.08.01"]
[SourceVersion "1"]
[SourceVersionDate "1999.08.01"]
[SourceQuality "1"]

1. d4 d5 2. c4 e6 3. Nc3 c6 4. Nf3 Nf6 5. Bg5 dxc4 6. e4 b5 7. e5 h6 8. Bh4 g5
9. Nxg5 hxg5 10. Bxg5 Be7 11. exf6 Bxf6 12. Bxf6 Qxf6 13. g3 Na6 14. Bg2 Bb7
15. Nxb5 Nb4 $2 $146 {Diese mißglückte Neuerung wird 10...Be7 auch nicht
wiederbeleben.} (15... O-O-O 16. Nxa7+ (16. Qa4 cxb5 (16... Kb8 17. Nc3 Rxd4
18. O-O Nc5 19. Qa5 Nd3 20. Ne4 Qh6 21. h4 Rg8 22. Nc5 Rgd8 23. Nxb7 R8d5 24.
Bxd5 exd5 25. Nc5 {1-0 Agnello,A-Alberto,M/Gauteng 1998/CBM 64 ext (25)}) 17.
Bxb7+ Kxb7 18. Qxb5+ Ka8 19. Qc6+ Kb8 20. Qb5+ Ka8 21. Qc6+ Kb8 22. Qb5+ {
1/2-1/2 Novikov,I-Huzman,A/Kujbyshev 1986/MCL (22)}) (16. Na3 Rxd4 17. Qe2 Nb4
18. O-O Ba6 19. Qf3 Qxf3 20. Bxf3 Rd2 21. Rfc1 Nd3 22. Rc2 Rxc2 23. Nxc2 Nxb2
24. Nb4 Bb7 25. Bxc6 Bxc6 26. Nxc6 Kc7 27. Nd4 Kd6 28. Rb1 Kc5 29. Ne2 Rb8 30.
h4 Kd5 31. f3 Ke5 32. g4 Rb6 33. h5 Kf6 34. f4 Nd3 35. Rxb6 axb6 36. Kg2 c3 37.
Nxc3 Nxf4+ 38. Kf3 Ke5 39. h6 Ng6 40. a3 Kd4 41. Nb5+ Kc5 42. a4 Kb4 43. Nd6
Kxa4 44. Nxf7 b5 45. Nd8 Nf8 46. Ke3 b4 47. Nxe6 b3 48. Nc5+ {1-0 Uhlmann,
W-Gauglitz,G/Dresden 1985/MCL (48)}) 16... Kb8 17. Nxc6+ Bxc6 18. Bxc6 Nb4 19.
Bf3 Nc2+ 20. Kf1 Rxd4 21. Qe2 Nxa1 22. Kg2 Qf5 23. Rxa1 Qh3+ 24. Kg1 Qxh2+ 25.
Kf1 Qh3+ 26. Bg2 Qf5 27. Kg1 Rhd8 28. Rf1 e5 29. b3 f6 30. bxc4 {Komljenovic,
D-Ballester Sanz,J/Valencia 1992/EXT 98/1/2-1/2 (57)}) 16. Nd6+ Ke7 17. Nxc4
$16 (17. Nxb7 $2 Nd3+ 18. Kd2 Qxd4 $17) 17... Rad8 $2 (17... Qxd4 $16) (17...
Rab8 $16) 18. Qb3 a5 19. Nxa5 (19. a3 $18) 19... Rxd4 20. O-O Ba6 21. Rfd1 $18
Nd3 22. Nxc6+ Kd7 23. Nxd4 Qxf2+ 24. Kh1 Qxg3 (24... Qxd4 25. Rxd3 Bxd3 26. Rd1
$18) 25. Nf3 1-0

[Event "EU-chT (Men) 15th"]
[Site "Gothenburg"]
[Date "2005.07.30"]
[Round "1.2"]
[White "Berkes, Ferenc"]
[Black "D'Amore, Carlo"]
[Result "0-1"]
[WhiteElo "2619"]
[BlackElo "2463"]
[Annotator "Lutz,C"]
[PlyCount "52"]
[EventDate "2005.07.30"]
[EventType "team-swiss"]
[EventRounds "9"]
[EventCountry "SWE"]
[SourceTitle "CBM 109"]
[Source "ChessBase"]
[SourceDate "2005.11.14"]
[SourceVersion "1"]
[SourceVersionDate "2005.11.14"]
[SourceQuality "1"]
[WhiteTeam "Hungary"]
[BlackTeam "Italy"]
[WhiteTeamCountry "HUN"]
[BlackTeamCountry "ITA"]

1. d4 d5 2. c4 c6 3. Nf3 Nf6 4. Nc3 e6 5. Bg5 dxc4 6. e4 b5 7. e5 h6 8. Bh4 g5
9. Nxg5 hxg5 10. Bxg5 Nbd7 11. g3 Qa5 $6 {The setup with ...Qa5 and ...Ba6 is
one from the early days of the Botvinnik Varition. The consensus is that it is
a weaker setup than the main line with ...Bb7 and ...Qb6. But the variation is
well suited to being used as a surprise weapon. Die Aufstellung ...Qa5 und ...
Ba6 stammt noch aus der Frühzeit der Botvinnik-Variante. Es gibt den Konsens,
dass dieser Aufbau schwächer ist als die Hauptvariante mit ...Bb7 und ...Qb6,
als Überraschung kann diese Variante aber durchaus eingesetzt werden.} 12. exf6
b4 13. Ne4 Ba6 14. Qf3 O-O-O (14... Qd5 15. Be3 (15. Rd1 O-O-O 16. b3 Nb6 17.
bxc4 Nxc4 18. Be2 Bb5 19. O-O Na3 20. Bf4 Kb7 21. Rd2 a5 22. Rc1 Bxe2 23. Qxe2
Qh5 24. f3 Qb5 25. Qf2 Rh5 26. Be5 Nc4 27. Rdc2 Nxe5 28. dxe5 Rxe5 29. Rxc6 Rd7
30. Qc2 Red5 31. Kg2 a4 32. h4 b3 33. axb3 axb3 {(...) 1-0 Karolyi,T-Wells,P/
HUN 1999/EXT 2000 (33)}) 15... c5 16. Rd1 Rd8 (16... O-O-O 17. b3 $2 (17. Bg2)
17... Nxf6 18. Ng5 Qxf3 19. Nxf3 Bb7 20. Bg2 c3 21. Bg5 Bg7 22. dxc5 Rxd1+ 23.
Kxd1 Ng4 24. Ke1 c2 25. h3 Rd8 {0-1 Khenkin,I-Pedersen,S/Lichtenstein 1997/EXT
99 (25)}) 17. b3 Bb7 18. Bg2 cxb3 19. axb3 Ba6 20. Nxc5 Qxf3 21. Bxf3 Bxc5 22.
dxc5 Ne5 23. Rxd8+ Kxd8 24. Be4 $18 {1-0 Komarov,D-Abdulla,A/Calcutta 2001/CBM
82/[Lutz] (24)}) 15. Bg2 $2 {This move has been played frequently, but by
playing it White abandons the f1-a6 diagonal and gets problems with his
uncastled king. Both 15.b3 and 15.Be2 are better. Dieser Zug wurde schon
häufiger gespielt, jedoch gibt Weiß so die Diagonale f1-a6 auf und bekommt
Probleme mit seinem unrochierten König. Sowohl 15.b3 als auch 15.Be2 sind
besser.} (15. b3 $5 cxb3 16. Bxa6+ Qxa6 17. Qxb3 Qb5 18. Rc1 Nb6 19. Be3 a5 20.
Qc2 Kb7 21. Qe2 $16 {1-0 Kasparov,G-Miles,A/Basel 1986/MCL (28)}) (15. Be2 $5
Bb7 (15... Qd5 16. O-O c5 17. dxc5 Nxc5 18. Nxc5 Bxc5 19. Rfd1 Qxg5 20. Qc6+
Kb8 21. Rxd8+ Rxd8 22. Qxa6 Qxf6 23. Rf1 c3 24. bxc3 Qxc3 25. Kg2 Bb6 26. Bf3
$36 {1-0 Hansen,C-Murshed,N/Yerevan 1996/EXT 97/[Chekhov] (40)}) (15... Nb6 16.
Be3 Bb7 17. O-O c5 18. dxc5 Na4 19. Bxc4 Nxb2 20. c6 Bxc6 21. Rac1 Kb7 22. Bxe6
fxe6 23. Rxc6 Kxc6 24. Rc1+ Kd7 25. f7 $16 {Magerramov,E-Oll,L/Klaipeda/1988/
1|0/29/}) 16. O-O Qd5 17. Be3 c5 18. Nd2 Nxf6 19. dxc5 c3 20. bxc3 bxc3 21. c6
Qxc6 22. Rac1 Nd5 23. Bd4 Ba3 24. Ne4 Bb2 25. Nxc3 Nf4 26. Nb5 Bxc1 27. Nxa7+
Kd7 28. Nxc6 Bxc6 29. Bb5 Bxb5 30. Qb7+ Kd6 31. Qxb5 Rh5 32. Qb6+ Ke7 33. Bf6+
{1-0 Mikhalevski,V-Pedersen,N/Aarhus 1997/EXT 99 (33)}) 15... c3 $1 (15... Nb6
$6 16. O-O Rxd4 17. Be3 Rd7 18. Rfc1 Nd5 19. a3 bxa3 20. Bd2 Qc7 21. bxa3 Qe5
22. Bf1 Qf5 23. Qxf5 exf5 24. Ng5 Nxf6 25. Bc3 Bg7 26. Rab1 Rg8 27. Be5 Bb7 28.
Bxc4 Ng4 29. Nxf7 {1-0 Timman,J-Ribli,Z/Zagreb 1985/MCL (29)}) 16. Nxc3 (16.
bxc3 bxc3 17. Nxc3 Nb8 18. Bd2 Rxd4 19. Bf1 (19. Rb1 Bb4 20. a3 Qxa3 21. Ne4
Rxe4+ 22. Qxe4 Bxd2+ {1-0 Bonin,J-Weldon,C/New York 1987/CBM 02 (22)}) 19...
Bxf1 20. Rxf1 Bb4 21. Ke2 Qa6+ 22. Ke1 Rhd8 23. Bf4 Rd3 {0-1 Ojanen,K-Van
Scheltinga,T/Dubrovnik 1950/MCD (23)}) 16... Nb8 17. Ne4 Rxd4 18. Be3 (18. Bd2
Rh5 19. Qe3 Qf5 20. f4 Bd3 21. Bf3 Rxe4 22. Bxe4 Bxe4 23. Rg1 Bc5 {0-1 Rau,
H-Bach,E/Germany 2003/EXT 2004 (23)}) 18... b3+ 19. Nc3 Ra4 $6 (19... Ba3 $1 {
is stronger. ist stärker.} 20. Bxd4 Bxb2 21. Bf1 Bxa1 22. Bxa6+ Qxa6 23. axb3
Rd8 24. Qe3 Bb2 25. Rf1 c5 $2 (25... e5 $1 $19) 26. Be5 Nd7 $2 (26... Qa5 $17 {
intending ...Nc6 mit der Idee ...Nc6}) 27. f4 Nxe5 28. fxe5 Qa3 29. Kf2 Qb4 30.
Ne2 Rd5 31. Qh6 Rd7 32. Qe3 Rd5 {1/2-1/2 Timman,J-Pinter,J/Taxco 1985/IZT (32)}
) 20. Bf1 Bb7 21. Bg2 Rxa2 22. Rd1 $2 $146 (22. Rb1 $5 {is not yet quite clear.
ist noch nicht ganz klar.} Ba6 (22... Bb4 23. O-O) 23. Bf1 Bb4 24. Bxa6+ Qxa6
25. Bd2 Ra1 26. Qe2 Rxb1+ 27. Nxb1 Bxd2+ 28. Nxd2 Qa1+ 29. Qd1 Qxb2 30. Qxb3
Qe5+ 31. Kf1 Rd8 32. Nf3 Qf5 33. Nh4 Qb5+ 34. Qxb5 cxb5 35. Ke2 Nc6 36. Nf3 Nb4
37. g4 Nd5 38. Ne5 b4 39. Nxf7 Rf8 40. Nd6+ Kd7 41. Ne4 Nxf6 42. Nxf6+ Rxf6 43.
h4 Ke8 44. h5 Kf8 45. Rc1 Rf7 46. Rc5 Rb7 47. Kd2 Rg7 48. g5 Rf7 49. Ke3 Rb7
50. Kd2 Rf7 {1/2-1/2 Fridstein,G-Kamishov,M/Moscow 1947/MCD (50)}) 22... Ba6
23. Bf1 Rxb2 24. Bxa6+ Qxa6 25. Qe4 Rc2 $19 26. Qd4 Ba3 0-1

[Event "RUS-CHN Summit (Women) 2nd"]
[Site "Moscow"]
[Date "2004.08.12"]
[Round "3"]
[White "Zhao, Xue"]
[Black "Zimina, Olga"]
[Result "0-1"]
[WhiteElo "2477"]
[BlackElo "2430"]
[Annotator "Lutz,C"]
[PlyCount "106"]
[EventDate "2004.08.10"]
[EventType "schev"]
[EventRounds "6"]
[EventCountry "RUS"]
[SourceTitle "CBM 103"]
[Source "ChessBase"]
[SourceDate "2004.11.11"]
[SourceVersion "1"]
[SourceVersionDate "2004.11.11"]
[SourceQuality "1"]
[WhiteTeam "China"]
[BlackTeam "Russia"]
[WhiteTeamCountry "CHN"]
[BlackTeamCountry "RUS"]

1. d4 d5 2. c4 e6 3. Nc3 c6 4. Nf3 Nf6 5. Bg5 h6 6. Bh4 dxc4 7. e4 b5 8. e5 g5
9. Nxg5 hxg5 10. Bxg5 Nbd7 11. exf6 Bb7 12. Qd2 $6 {Die Eröffnungswahl von
Zhao Xue ist überraschend, denn seit den frühen Anfangserfolgen von Michail
Botvinnik in 'seinem" Eröffnungssystem ist bekannt, dass Weiß mit g2-g3 den
Bb7 neutralisieren und den Königsflügel sichern muss.} a6 13. h4 Qb6 14. Be2
O-O-O 15. Rd1 {Meine Computer-Programme sind alle von 15.0-0-0 überzeugt, aber
ich glaube nicht, dass der weiße König am Damenflügel besonders gut steht.} Bb4
$6 {Mir gefällt dieses Läufermanöver nicht besonders.} (15... c5 $5 16. d5 b4
17. Na4 Qd6 18. Bxc4 Ne5 $132) (15... Qc7 16. Qe3) 16. O-O c5 17. a3 Ba5 18.
Qe3 cxd4 19. Rxd4 Qc7 20. Ne4 Nb6 (20... Bb6 21. Nd6+ Kb8 22. Nxf7) 21. Bf4 e5
22. Rxd8+ Rxd8 23. Bg3 Nd5 24. Qc5 $6 (24. Qg5 $5 {erscheint mir besser, um
die Damen auf dem Brett zu halten.}) 24... Nf4 25. Bg4+ Kb8 26. Qxc7+ Bxc7 27.
Bxf4 exf4 {Der schwarfeldrige Laeufer wird mit Effekt auf der Diagonalen a1-h8
auftauchen.} 28. Ng5 Rd6 29. Re1 Bc6 30. Be6 {Es sieht so aus, als ob sich die
Dinge positiv für Weiß entwickeln, aber schon bald werden die schwarzen Läufer
das Brett dominieren.} Bb6 31. Nxf7 Rd2 $17 32. Rf1 Bd4 33. Nd8 Ba8 34. h5 Bxf6
35. Nf7 Re2 36. Bg4 Re7 37. Nd6 Rg7 38. f3 Bxb2 39. Re1 Bxa3 40. Re8+ Ka7 {
Es sieht so aus, als würde Weiß noch einmal ins Spiel kommen, aber letztlich
erweisen sich die schwarzen Freibauern als zu stark.} 41. h6 Rh7 42. Nc8+ Kb7
43. Bf5 Rxh6 44. Be4+ Rc6 45. Ne7 Bxe7 46. Bxc6+ Kxc6 47. Rxa8 Kb6 48. Kf1 a5
49. Ke2 b4 50. Kd2 Kb5 51. Rb8+ Ka4 52. Kc2 b3+ 53. Kc3 Bb4+ 0-1

[Event "FIDE-Wch k.o."]
[Site "Tripoli"]
[Date "2004.06.19"]
[Round "1.1"]
[White "Sakaev, Konstantin"]
[Black "Mastrovasilis, Dimitrios"]
[Result "1/2-1/2"]
[WhiteElo "2665"]
[BlackElo "2533"]
[Annotator "Lutz,C"]
[PlyCount "51"]
[EventDate "2004.06.19"]
[EventType "k.o."]
[EventRounds "7"]
[EventCountry "LBY"]
[SourceTitle "CBM 102"]
[Source "ChessBase"]
[SourceDate "2004.09.23"]
[SourceVersion "1"]
[SourceVersionDate "2004.09.23"]
[SourceQuality "1"]

1. d4 d5 2. c4 c6 3. Nf3 Nf6 4. Nc3 e6 5. Bg5 dxc4 6. e4 b5 7. e5 h6 8. Bh4 g5
9. Nxg5 hxg5 10. Bxg5 Nbd7 11. g3 Bb7 12. Bg2 Qc7 13. exf6 c5 14. d5 b4 15. d6
$5 $146 Qb6 16. Ne4 Bd5 $5 (16... O-O-O {1-0 Filippov,V-Bocharov,D/Tomsk 2004/
CBM 102 (35)}) 17. O-O (17. Bf4 Qc6 18. f3 O-O-O 19. O-O e5 20. Be3 Bxd6 21. a3
b3 22. Qd2 Bc7 23. Rad1 Bxe4 24. fxe4 Nb6 25. Qe2 Kb7 26. Rd5 Nxd5 27. exd5 Qd6
28. Qxc4 $44 Bb6 29. Be4 Rb8 30. a4 Rbg8 31. Ra1 a5 32. Qxb3 Rg4 33. Rc1 Rxe4
34. Bxc5 Rb4 35. Qe3 Bxc5 36. Rxc5 Rc8 37. Rxa5 Qb6 38. Qxb6+ Rxb6 39. Kg2
Rxb2+ 40. Kf3 Rc3+ 41. Kg4 Rf2 42. d6 Rxf6 43. Rxe5 Rxd6 44. h4 Rg6+ 45. Kh5
Rcxg3 46. Re8 Kc7 47. Re7+ Kd6 48. Rxf7 Rg8 49. Rh7 Kc5 50. a5 Kb5 51. Kh6 Kxa5
52. h5 Kb5 53. Rg7 Rh8+ 54. Rh7 Rc8 55. Rc7 Rh8+ 56. Rh7 Rxh7+ 57. Kxh7 Kc6 58.
h6 Kd6 59. Kh8 Ke6 60. h7 {1/2-1/2 Collas,D-Kapnisis,S/Beruit 2003/CBM 96 ext 
(60)}) 17... O-O-O 18. Qe2 Bxd6 $13 {Nachdem Schwarz so schnell den Bauern d6
gewonnen hat, ist die Stellung äußerst unklar.} 19. f4 Qc6 20. h4 Nb6 21. h5
Bc7 22. g4 Na4 23. Rae1 b3 24. axb3 cxb3 25. Bh4 c4 26. Kh2 (26. Kh2 c3 $5)
1/2-1/2

[Event "RUS-ch"]
[Site "Elista"]
[Date "1996.??.??"]
[Round "7"]
[White "Shcherbakov, Ruslan"]
[Black "Korneev, Oleg"]
[Result "0-1"]
[WhiteElo "2555"]
[BlackElo "2565"]
[Annotator "Lutz,C"]
[PlyCount "72"]
[EventDate "1996.10.15"]
[EventType "swiss"]
[EventRounds "11"]
[EventCountry "RUS"]
[SourceTitle "CBM 056"]
[Source "ChessBase"]
[SourceDate "1997.02.01"]
[SourceVersion "1"]
[SourceVersionDate "1997.02.01"]
[SourceQuality "1"]

1. d4 {Chekhov} d5 2. c4 e6 3. Nc3 c6 4. Nf3 Nf6 5. Bg5 dxc4 6. e4 b5 7. e5 h6
8. Bh4 g5 9. Nxg5 hxg5 10. Bxg5 Nbd7 11. exf6 Bb7 12. g3 c5 13. d5 Nxf6 {
Diese Variante genoß vor einigen Jahren eine gewisse Popularität.} 14. Bg2 (14.
dxe6 {1/2-1/2 Lobron,E-Kramnik,V/Dortmund 1993 (40)}) 14... Bh6 {Ivanchuks
Idee.} (14... Be7) 15. Bxh6 (15. Bxf6 $5 {Dieser Zug muß der kritische sein.}
Qxf6 {Chekhov} 16. O-O O-O-O 17. Nxb5 exd5 (17... a6 $5 18. Nc3 exd5 $132 {
Kasparov/}) 18. Nxa7+ Kb8 19. Nb5 Bg7 20. a4 Qh6 21. h4 Bf6 22. Qe1 $1 Bxh4 23.
Qa5 Be7 24. Qc7+ Ka8 25. Qa5+ Kb8 26. Qc7+ Ka8 27. Rfe1 $18 {Kasparov,
G-Ivanchuk,V/Linares/1994/1|0/39/}) 15... Rxh6 16. O-O (16. Nxb5 {Ftacnik} Qa5+
17. Nc3 exd5 $13) (16. Qd2 $5 {Chekhov}) 16... Bxd5 (16... b4 {Kharitonov} 17.
Na4 Bxd5 18. Nxc5 Qb6 $13) 17. Nxb5 Ke7 {[%csl Rh2][%cal Yd8h8,Yh8h2] /\ ...Qh8
} (17... Rb8 $5 {Chekhov} 18. Nc3 Bxg2 19. Kxg2 Rxb2 20. Qf3 Nd5 21. Rad1 Qf6
22. Qe4 $132 {Van Der Sterren,P-Kuijf,H/Wijk aan Zee/1983/1|0/73/}) 18. Qc1 (
18. Nc3 {Chekhov} Bxg2 19. Kxg2 (19. Qxd8+ Rxd8 20. Kxg2 Rd2 21. Rab1 Ng4 $22
22. Ne4 Ne3+ $19) 19... Qh8 20. h4 Rg8 $36) (18. Bxd5 {Chekhov} exd5 (18...
Nxd5 19. Qc1 Qh8 20. Qxc4 $22 Rxh2 21. Qxc5+ Ke8 (21... Kf6 22. Qd4+ Kg6 23.
Qxh8 Raxh8 24. Nd4 $16) 22. Qc6+ Ke7 23. Qc5+ $10) (18... Qxd5 19. Nc3 Qf5 $36)
19. Re1+ Kf8 20. Qf3 $13) 18... Bxg2 (18... Qh8 $6 19. Qf4 {/\ Qd6} Kf8 20. h4
{[%csl Rf8,Rh6,Rh8] >< f8, h8, h6}) 19. Rd1 $2 (19. Kxg2 $2 Qd5+ {/\ ...Rah8})
(19. Qxh6 Bxf1 20. Rxf1 $13 Qb6 (20... Rb8 21. Nc3 Rxb2 22. Rd1 (22. Rd1 {
Chekhov} Qa8 23. Qc1 Rb8 24. Qf4 $36)) 21. Na3 (21. Nc3 Qxb2 22. Qe3 Rc8 23.
Rb1 $36) 21... Qxb2 22. Nxc4 Qxa2 23. Ne5 $40) 19... Qh8 $17 20. Qxc4 (20. Qf4
Kf8 $17) (20. Kxg2 {Chekhov} Rxh2+ $19) 20... Rc8 (20... Bd5 {Chekhov} 21.
Qxc5+ Ke8 22. Qd6 Rc8 23. Rac1 $18) 21. Qf4 Bd5 22. Qd6+ Ke8 23. Nc7+ Rxc7 24.
Qxc7 Rxh2 25. Qc8+ Ke7 26. Qxc5+ Kd8 27. Rxd5+ (27. Qa5+ {Chekhov} Kc8 $6 (
27... Ke8 $1 28. Qb5+ Kf8 29. Qb8+ Kg7 30. Qxh8+ Rxh8 31. f3 (31. Kf1 Bf3 $19)
(31. f4 Ng4 $19) 31... Bxf3 $19) 28. Rac1+ Kb8 29. Qc7+ Ka8 30. Rxd5 Nxd5 31.
Qc6+ Kb8 32. Qb5+ Nb6 33. Qc6 $1 Nd5 34. Qb5+ $10) 27... Nxd5 $19 (27... exd5
$2 28. Qd6+ Nd7 29. Qxd5 $13) 28. Qd6+ Ke8 29. Qb8+ Ke7 30. Qxa7+ Kf8 (30...
Kf6 {Chekhov} 31. Qd4+ Kg6 32. Qg4+) 31. Qb8+ Kg7 32. Qe5+ f6 33. Qe4 (33. Qxe6
{Chekhov} Rh1+ 34. Kg2 Qh2+ 35. Kf3 Qh5+ 36. g4 Qh3+ 37. Ke4 Qg2+ 38. Kd4 Rxa1
$19) 33... Qh5 {[%csl Re4][%cal Yf6f5] /\ ...f6-f5} 34. Re1 f5 35. Qe5+ Kh7 36.
Re2 (36. Qxe6 {Chekhov} Rh1+ 37. Kg2 Nf4+ 38. gxf4 Qh3#) 36... Qh3 (36... Qh3 {
Chekhov} 37. f3 Rh1+ 38. Kf2 Qh2#) 0-1